Postavenie daňového subjektu počas daňového procesu

Účastníkom daňového konania je daňový subjekt, ktorý má v rámci neho určité procesné postavenie. Procesné postavenie daňového subjektu je tvorené jeho právami, právom chránenými záujmami, ale aj právnymi povinnosťami, ktoré sú dané aktuálnou právnou úpravou. Postavenie daňového subjektu je určené aj...

Full description

Saved in:
Bibliographic Details
Main Author: Hrtánek, Ladislav
Format: Book Chapter
Language:Slovak
Subjects:
Tags: Add Tag
No Tags, Be the first to tag this record!

MARC

LEADER 00000naa a2200000 4500
001 0286951
005 20240417075211.3
041 0 |a slo 
044 |a SK 
245 1 0 |a Postavenie daňového subjektu počas daňového procesu  |c Ladislav Hrtánek 
520 |a Účastníkom daňového konania je daňový subjekt, ktorý má v rámci neho určité procesné postavenie. Procesné postavenie daňového subjektu je tvorené jeho právami, právom chránenými záujmami, ale aj právnymi povinnosťami, ktoré sú dané aktuálnou právnou úpravou. Postavenie daňového subjektu je určené aj jeho vzťahom k správcovi dane, ale aj k ostatným účastníkom daňového konania. 
610 2 0 |a subjektivita právna 
610 2 0 |a vzťahy právne 
610 2 0 |a úrady daňové 
610 2 0 |a právo 
610 2 0 |a legislatíva 
610 2 0 |a zákony 
100 1 |a Hrtánek, Ladislav